| 000 | 00665nam a22001817a 4500 | ||
|---|---|---|---|
| 005 | 20230309013301.0 | ||
| 008 | 230309b |||||||| |||| 00| 0 eng d | ||
| 020 | _a978-971-27-1917-2 | ||
| 082 | _aFil. 338.4791 L696 2007 | ||
| 100 |
_aLibosada, Carlos Jr., M. _eauthor |
||
| 245 |
_aIntroduction to tourism: _ba comprehensive guide to the travel and tourism industry / _cCarlos M. Libosada Jr. and Carmela A. Bosangit |
||
| 260 |
_aPasig City: _bAnvil Publishing Inc., _cc2007. |
||
| 300 |
_aviii, 175p.; _bill. |
||
| 504 | _aIncludes bibliographies | ||
| 541 | _e1263 c.1, 2032 c.2, 3231 c.3 | ||
| 650 | _aTourist trade | ||
| 700 |
_aBosangit, Carmela A. _eauthor |
||
| 999 |
_c1641 _d1641 |
||